Who's That at the Super Bowl? Quiz Stats

 Plays Quiz Updated Feb 3, 2018

Score 0/18 Timer 08:00
0 Plays Today
% Correct
Snoop Dogg
88.8%
George and Barbara Bush
88.7%
Angelina Jolie & Brad Pitt
87.7%
Will Ferrell & Kevin Hart
87.1%
Lady Gaga
85.8%
Jennifer Lopez & Marc Anthony
85.7%
Kanye West
84.7%
Mark Wahlberg
82.9%
John Legend & Chrissy Teigen
80.5%
% Correct
Ashton Kutcher & Demi Moore
76.9%
Queen Latifah
73.8%
Hugh Jackman
73.8%
Spike Lee
73.6%
Drew Barrymore
64.4%
Kevin Durant
51.1%
Tim McGraw & Faith Hill
49.9%
Amy Adams
43%
Usher
40.3%

You're not logged in!

Compare scores with friends on all Sporcle quizzes.
OR
Log In

You Might Also Like...

Show Comments

Extras

Top Quizzes Today


Score Distribution

Your Account Isn't Verified!

In order to create a playlist on Sporcle, you need to verify the email address you used during registration. Go to your Sporcle Settings to finish the process.

Report this User

Report this user for behavior that violates our Community Guidelines.

Details: